|
|
|
|
| LEADER |
00000nam a22000007a 4500 |
| 005 |
20130710172319.0 |
| 007 |
cr|||| |||| |
| 008 |
130710s2013 it |||||s|||| 00||0 ita d |
| 020 |
|
|
|a 9788866112693
|
| 035 |
|
|
|a 11383
|
| 040 |
|
|
|a vLex
|
| 090 |
|
|
|c 4415
|d 4415
|
| 100 |
1 |
|
|a Bosco, Donato
|
| 245 |
1 |
0 |
|a Morale e politica per la governance
|h [Recurso electrn̤ico] :
|b La funzione di un partito di catto lici /
|c Donato Bosco
|
| 256 |
|
|
|a Servicio en ln̕ea
|
| 260 |
|
|
|a Bari :
|b Cacucci Editore,
|c 2013
|
| 300 |
|
|
|a 1 recurso electrn̤ico
|
| 506 |
1 |
|
|a Contenido solo disponible en los productos indicados
|d vLex Global
|d vLex Global (Academic Edition, excluding Law Schools)
|d vLex Global (U.S. Academic Edition, Law Schools)
|d vLex Global (U.S. Academic Edition, excluding Law Schools)
|d vLex Global (Academic Edition, Law Schools)
|
| 650 |
0 |
4 |
|a Moral prc̀tica
|
| 650 |
0 |
4 |
|a Ética polt̕ica
|z Italia
|
| 740 |
0 |
|
|a vLex Libros (Servicio en ln̕ea)
|
| 856 |
4 |
0 |
|u http://vlex.com/source/morale-e-politica-la-governance-la-funzione-un-partito-catto-lici-11383
|z Acceso restringido
|
| 942 |
|
|
|c BOOK
|
| 999 |
0 |
|
|a Political ethics
|